Postavení nových členských států v Evropské politice sousedství

Poľsko ako hlavný ťahúň východnej dimenzie Európskej politiky susedstva. Rastúci význam baltských štátov. Chýbajúca spolupráca krajín Vyšehradskej štvorky v otázkach Európskej politiky susedstva. Rumunsko a Bulharsko ako prívrženci čiernomorskej spolupráce. Výzvy pre Európsku politiku susedstva.

Saved in:
Bibliographic Details
Main Author: Tulmets, Elsa
Format: Book Chapter
Language:Czech
Subjects:
Tags: Add Tag
No Tags, Be the first to tag this record!

MARC

LEADER 00000naa$a2200000$$$4500
001 0057048
005 20231016092911.5
041 0 |a cze 
044 |a CZ 
245 1 0 |a Postavení nových členských států v Evropské politice sousedství  |c Elsa Tulmets 
520 |a Poľsko ako hlavný ťahúň východnej dimenzie Európskej politiky susedstva. Rastúci význam baltských štátov. Chýbajúca spolupráca krajín Vyšehradskej štvorky v otázkach Európskej politiky susedstva. Rumunsko a Bulharsko ako prívrženci čiernomorskej spolupráce. Výzvy pre Európsku politiku susedstva. 
610 2 0 |a politika zahraničná 
610 2 0 |a politika medzinárodná 
610 2 0 |a vzťahy medzinárodné 
610 2 0 |a spolupráca hospodárska medzinárodná 
610 2 0 |a Európska únia 
610 2 0 |a partnerstvo strategické 
100 1 |a Tulmets, Elsa